China and Pakistan relations (Record no. 395561)

MARC details
000 -LEADER
fixed length control field 00498 a2200193 4500
005 - DATE & TIME
control field 20260423143001.0
008 - FIXED-LENGTH DATA ELEMENTS--GENERAL INFORMATION
fixed length control field 260423b |||||||| |||| 00| 0 eng d
020 ## - ISBN
International Standard Book Number 9789393585646
Price Rs. 1895.00
040 ## - CATALOGING SOURCE
Original cataloging agency VIVEKANANDA LIBRARY
082 ## - DDC NUMBER
Classification number 327.51
Book Number S15C
100 ## - MAIN ENTRY--PERSONAL NAME
Personal name Shakir, Muhammad
245 ## - TITLE STATEMENT
Title China and Pakistan relations
260 ## - PUBLICATION, DISTRIBUTION, ETC. (IMPRINT)
Name of publisher, distributor, etc Rights Publications
Date of publication, distribution, etc 2025
Place of publication, distribution, etc Delhi
300 ## - PHYSICAL DESCRIPTION
Pages vi, 212
650 ## - Subject
Subject International Relations
650 ## - Subject
Subject Foreign Relations
650 ## - Subject
Subject China
942 ## - ADDED ENTRY ELEMENTS (KOHA)
Koha item type Books
Holdings
Withdrawn status Lost status Source of classification or shelving scheme Damaged status Not for loan Location (home branch) Sublocation or collection (holding branch) Shelving location Date acquired Koha issues (times borrowed) Koha full call number Accession No. Koha date last seen Koha item type
    Dewey Decimal Classification     VIVEKANANDA LIBRARY VIVEKANANDA LIBRARY Vivekananda Library 02/02/2026   327.51 S15C 437997 02/02/2026 Books
© Designed and Maintained by Vivekananda Library, MDU Rohtak